| 000 | 00653nam a22002057a 4500 | ||
|---|---|---|---|
| 003 | OSt | ||
| 005 | 20260121025931.0 | ||
| 008 | 260121b |||||||| |||| 00| 0 eng d | ||
| 020 | _a0-393-96842-1. | ||
| 040 |
_aDWC-Main lib. _cOC |
||
| 082 |
_24th ed. _aCirc. 338.5 V311 1996 |
||
| 100 | _aVarian, Hal R. | ||
| 245 |
_aIntermediate microeconomics : _ba modern approach 4th ed./ _cHal R. Varian |
||
| 260 |
_aN. Y. : _bW.W. Norton & Company, _cc1996. |
||
| 300 |
_aXXXIV, various paging : _billustration ; _c24 cm. |
||
| 504 | _aIncludes index. | ||
| 650 | _a1. Microeconomics. | ||
| 760 | _b4th ed. | ||
| 942 |
_2ddc _cBK-CIRC _e4th ed. _hCirc. _n0 |
||
| 999 |
_c7630 _d7630 |
||